000
00212nam a22000977a 4500
041
_a
ENG
245
_a
Storage management Code
260
_a
New Delhi
_b
ISI
_c
1955
650
_a
BIS Test Code
856
_u
BIS Test Code
999
_c
2033
_d
2033